| 000 | 00422nam a22001697a 4500 | ||
|---|---|---|---|
| 003 | MPLRDC | ||
| 005 | 20220104124659.0 | ||
| 008 | 210129b ||||| |||| 00| 0 eng d | ||
| 082 | _a820.9 LDJ-2 v.1 | ||
| 100 | _a刘大杰 | ||
| 245 |
_a中国文学发达史. 上册 _c |
||
| 250 | _a十版 | ||
| 260 |
_a台湾 _b台湾中华书局 _c1980 |
||
| 300 | _b564 | ||
| 650 | _a中国文学史 | ||
| 942 |
_cBK _o820.9 LDJ-2 v.1 |
||
| 999 |
_c21277 _d21267 |
||